000
00314 a2200157 4500
001
176769
020
_a
040
_c
Magnum
100
_a
Grelot, Pierre
240
1
0
_a
O mundo futuro
_l
por
245
1
0
_a
O mundo futuro
362
0
_a
1899
440
1
_a
Paulinas
697
_a
MAGNITO: RELIGIAO
942
_c
BK
999
_c
176769
_d
176769